000 01311cam a22002175a 4500
001 L141124
008 071029e20071026xxkd f 000 0 eng d
035 _a(Sirsi) u141124
041 0 _aeng
050 0 4 _a333.33 $2 18
110 2 _aNational Housing and Planning Advice Unit
_95426
245 0 0 _aDeveloping a target range for the supply of new homes across England
_h[electronic resource]
260 _aFareham
_bNHPAU
_c2007
520 _aPresents the National Housing and Planning Advice Unit's (NHPAU) response to the Housing Green Paper 2007. Discusses government's target of providing an additional 240,000 homes per year by 2016; considers the case for a higher target; and concludes by suggesting that the government target should be seen as a minimum requirement. The housing supply scenarios set out in the report will form the basis of discussion between NHPAU and regional partners that will take place over the next few months, to further refine the work carried out so far.
590 _aKA NTK
650 2 4 _aHOUSING GREEN PAPER 2007
651 4 _aEngland
_y886-
690 _aPROPERTY-RESIDENTIAL PROPERTY-RESIDENTIAL PROPERTY MARKET
856 4 0 _uhttps://www.communities.gov.uk/publications/housing/supplynewhomes
_zView the item free of charge at www.communities.gov.uk...
942 _n0
999 _c107610
_d107610